000 00607nam a2200229Ia 4500
005 20240402133143.0
008 131103s9999 xx 000 0 und d
020 _a9.79E+12
_cRs.550.00
040 _aLoreto College
041 _aEnglish
082 _a155.4
_bBER
100 _aBerk,Laura E.
245 _aChild Development
_cLaura E.Berk
250 _a8th ed.
260 _aNew Delhi
_bPHI Learning
_c2011
300 _axxiii,648p.
504 _aIncluds glossary,references & subject index.
650 _aChild Development
651 _aChild Psychology
850 _aLCBED
942 _cBK
999 _c37805
_d88284